| 000 | 00939nam a2200289 i 4500 | ||
|---|---|---|---|
| 001 | 141582 | ||
| 003 | ES-MaACL | ||
| 005 | 20231220062907.0 | ||
| 007 | t| | ||
| 008 | 070925s1973 sp ||||1| spa d | ||
| 017 |
_aM 29923-1973 _bOficina Depósito Legal Madrid |
||
| 020 | _a84-7209-013-2 | ||
| 040 | _cES-MaACL | ||
| 080 | _a17:33 | ||
| 100 | 1 |
_aVilley, Daniel. _9115256 _eaut |
|
| 245 | 1 | 1 |
_a¿Economía libre o dirigida? / _cDaniel Villey ; [traducción de Francisco Gómez Martínez]. |
| 260 |
_a[Madrid] : _bUnión Editorial, _c[1973] |
||
| 300 |
_a169 p. ; _c21 cm. |
||
| 490 | 1 | _aBiblioteca de la libertad | |
| 650 | 1 | 4 |
_aEconomía- _xAspectos morales. _912007 |
| 700 | 1 |
_aGómez Martínez, Francisco. _958036 _etrl |
|
| 830 | 0 |
_aBiblioteca de la libertad _9185116 |
|
| 852 |
_aES-MaACL _jC-55497 _bR.88077 |
||
| 942 |
_cMONOGRAFIA _n0 |
||
| 999 |
_c141582 _d141582 |
||